005510000a22001810004500020001500000060000800015082001500023100001600038100001600054100001700070245004400087260005700131260000900188300000800197490004700205490004400252650007300296 a9024728215 a100 a582.16 TRE aAtkinson, D aBhat, K K S aCovtts, M P aTree root systems and their mycorrhizas aThe Hague, Martinus nijhott / Dr. W. Junk publishers c1983 a525 a7cDevelopments in plant and soil sciences aDevelopments in plant and soil sciences aRoots-Botany- Congresses/ Mycorrhiza- Congresses/ Trees- Congresses.